সনানু নাসাঈ শরীফ (প্রথম খণ্ড) / (Record no. 6367)
[ view plain ]
| 000 -LEADER | |
|---|---|
| fixed length control field | 01080nam a2200229 a 4500 |
| 001 - CONTROL NUMBER | |
| JCCL Control Number | 6367 |
| 003 - CONTROL NUMBER IDENTIFIER | |
| JCCL marc code | BD-JhCC |
| 005 - DATE AND TIME OF LATEST TRANSACTION | |
| control field | 20180301191138.0 |
| 008 - FIXED-LENGTH DATA ELEMENTS--GENERAL INFORMATION | |
| fixed length control field | 180122s2000 bg |||| ||a| 000 0 ben u |
| 035 ## - SYSTEM CONTROL NUMBER | |
| system control number | (BD-JhCC)6367 |
| 040 ## - CATALOGING SOURCE | |
| Original cataloging agency | BD-JhCC |
| Modifying agency | BD-JhCC |
| 041 ## - LANGUAGE CODE | |
| Language code of Book | ben |
| 082 ## - DEWEY DECIMAL CLASSIFICATION NUMBER | |
| Classification number | 297.1227 |
| Author mark and Year | NAS 2000 |
| 100 ## - MAIN ENTRY--PERSONAL NAME | |
| Personal name | নাসাঈ-আন্, ইমাম আবু আবদির রহমান আহমদ ইব্ন শোয়াইব |
| 245 ## - TITLE STATEMENT | |
| Title | সনানু নাসাঈ শরীফ (প্রথম খণ্ড) / |
| Statement of responsibility, etc | ইমাম আবু আবদির রহমান আহমদ ইব্ন শোয়াইব নাসাঈ-আন্, মাওলানা রিজাউল করীম ইসলামাবাদী (অনুবাদ) |
| 260 ## - PUBLICATION, DISTRIBUTION, ETC. (IMPRINT) | |
| Place of publication, distribution, etc | ঢাকা : |
| Name of publisher, distributor, etc | ইসলামিক ফাউন্ডেশন বাংলাদেশ, |
| Date of publication, distribution, etc | 2000 |
| 300 ## - PHYSICAL DESCRIPTION | |
| Pagination | 479 p. : |
| Dimensions | 24 cm. |
| 650 ## - SUBJECT ADDED ENTRY--TOPICAL TERM | |
| Topical term or geographic name as entry element | Hadith |
| 700 ## - ADDED ENTRY--PERSONAL NAME | |
| Personal name | করীম, মাওলানা রিজাউল (অনুবাদ) |
| 942 ## - ADDED ENTRY ELEMENTS (KOHA) | |
| Source of classification or shelving scheme | Dewey Decimal Classification |
| Koha item type | Books |
| Source of classification or shelving scheme | volume number | Damaged status | Not for loan | Home library | Current library | Shelving location | Date of accession | Cost, normal purchase price | Total Checkouts | Full call number | Barcode | Date last seen | Copy number | Koha item type |
|---|---|---|---|---|---|---|---|---|---|---|---|---|---|---|
| Dewey Decimal Classification | V-1 | JCC Rouf Library | JCC Rouf Library | General Stacks | 01/22/2018 | 200.00 | 297.1227 NAS 2000 | 512 | 01/22/2018 | C-1 | Books |